00319nam a2200133Ia 45000030006000000080041000060400015000471000023000622450030000852600037001153000006001525460010001580050017001680STCL150530s9999 xx 000 0 und d aSTCLcSTCL aBadam Singh Ravath aPremchand Ka Katha Sansar bGirnar Prakashan ; Mehsanac1980 a0 aHindi20220125171309.0